| 000 | 00735nam a2200217 a 4500 | ||
|---|---|---|---|
| 005 | 20240925064756.0 | ||
| 008 | 991125s1976 mx 000 0 spa u | ||
| 035 | _aUPN01000016602 | ||
| 049 | _aCG | ||
| 050 | 4 |
_aHF1411 _bM8.58 |
|
| 245 | 0 | 3 |
_aEl dólar en los 70s / _cpor Arnold W. Sametz ... [et al.] ; préf. por Abraham L. Gitlow ; pról. por Harold S. Geneen. |
| 260 |
_aMéxico : _bEDAMEX, _c1976. |
||
| 300 | _a116 p. | ||
| 440 | 0 | _aDidáctica moderna | |
| 534 |
_pTraducción de: _tMultinational coporations, trade and thedolar |
||
| 650 | 4 |
_aFinanzas internacionales _912047 |
|
| 650 | 4 |
_aEconomía internacional _914629 |
|
| 650 | 4 |
_aPolítica comercial _912557 |
|
| 700 | 1 |
_aSametz, Arnold W., _ecoaut. |
|
| 905 | _aLibro | ||
| 999 |
_c16602 _d16602 |
||